00390nam a2200169Ia 4500003000400000005001700004008004100021040000700062041000800069082002100077100002000098245004800118250000600166260002800172300001200200365000800212OSt20230509093211.0210423s1998 xx 000 0 und d cAL aeng a574.5 223bGUPA aGUPTA (Avijit). aEcology and development in the third world. a2 aLondonbRoutledgec1998 axii,125 cINR